God's glory displayed: (Record no. 5758)

000 -LEADER
fixed length control field 00589nam a2200181 a 4500
001 - CONTROL NUMBER
control field :::00003500$&:&@@
003 - CONTROL NUMBER IDENTIFIER
control field OkBaRHE
005 - DATE AND TIME OF LATEST TRANSACTION
control field 20000607103306.0
008 - FIXED-LENGTH DATA ELEMENTS--GENERAL INFORMATION
fixed length control field s1962 j 000 0 eng u
040 ## - CATALOGING SOURCE
Transcribing agency
100 1# - MAIN ENTRY--PERSONAL NAME
Personal name Woychuk, N. A.
245 10 - TITLE STATEMENT
Title God's glory displayed:
Remainder of title devotional exposition of II Corinthians 4:1-18.
260 ## - PUBLICATION, DISTRIBUTION, ETC. (IMPRINT)
Place of publication, distribution, etc Chicago, IL., :
Name of publisher, distributor, etc Moody Press
Date of publication, distribution, etc c1962
300 ## - PHYSICAL DESCRIPTION
Extent 159 p. ;
Dimensions 19 cm.
650 ## - SUBJECT ADDED ENTRY--TOPICAL TERM
Topical term or geographic name as entry element Bible New Testament II Corinthians IV
942 ## - ADDED ENTRY ELEMENTS (KOHA)
Source of classification or shelving scheme
Koha item type Books
Copies
Price effective from Shelving location Damaged status Source of classification or shelving scheme Date acquired Barcode Date last seen Copy number Koha item type Lost status Permanent Location Full call number Withdrawn status Not for loan
2010-04-14General Stacks  2010-04-1435002018-04-031Books RHEMA Bible Training CollegeBS 2675 .W6